| 000 | 00862cam a22002531 4500 | ||
|---|---|---|---|
| 001 | sa 68001038 | ||
| 003 | DLC | ||
| 005 | 20260227112429.0 | ||
| 008 | 710903s1965 ii b 000 0 eng | ||
| 010 | _asa 68001038 | ||
| 025 | _aPL480:I-E-6767 | ||
| 040 |
_aDLC _cDLC _dDLC |
||
| 041 | 1 | _aengsan | |
| 050 | 0 | 0 |
_aPK541 _b.B4813 |
| 100 | 0 | _aBhartṛhari. | |
| 245 | 1 | 4 |
_aThe Vākyapadīya of Bhartṛhari, _bwith the Vṛtti; _cchapter I. English translation by K. A. Subramania Iyer. |
| 250 | _a[1st ed.] | ||
| 260 |
_aPoona _b[Deccan College, Postgraduate and Research Institute] _c1965. |
||
| 300 |
_axl, 136 p. _c22 cm. |
||
| 440 | 0 |
_aDeccan College building centenary and silver jubilee series ; _v26 |
|
| 504 | _a"Bibliography and abbreviations": p. [xxxix]-xl. | ||
| 650 | 0 |
_aSanskrit language _xGrammar. |
|
| 700 | 1 |
_aSubramania Iyer, K. A., _d1896- |
|
| 999 |
_c77657 _d77657 |
||